000
003240000a22001450004500
001
005025
003
MACL
040
_a
MACL
090
_c
17018
_d
17017
245
_a
Ameerana o Gareebana Zindagi
_b
Deena Nath
260
_a
Karpardazan e Hindustan Lahore
350
_a
0.37
650
_a
Urdu Literature
942
_k
891
_c
Book
999
_c
16908
_d
16908